000 00681nam a22002057a 4500
999 _c20351
_d20351
003 AR-CdUCM
008 190529b ||||| |||| 00| 0 spa d
040 _aMUNICIPALIDAD PROVINCIAL DEL CUSCO
_cBIBLIOTECA MUNICIPAL DEL CUSCO
082 _a869.503 /
_bY78
100 _aYañez, Luis
_99571
245 _aCuentos peruanos :
_bCon vocabulario y fichas de lectura /
260 _aPerú :
_bVilock,
_c1968.
300 _a126 páginas ;
_c22 cm.
505 _aContenido: El vuelo de los cóndores -- Los tres jircas -- Paco yunque...
650 _aCuentos peruanos
_97
650 _aCesar Vallejo
_9978
650 _aManuel Beingolea
_942564
942 _2ddc
_cLIBROS
945 _aAndy